000 00371nam a22001577a 4500
003 MPLRDC
005 20220104143501.0
008 210129b ||||| |||| 00| 0 eng d
082 _a848.1 ZHS-10 c.3
100 _a张恨水著
245 _a五子登科
_c
260 _a
_b南国出版社
_c
300 _b
650 _a现代别集
942 _cBK
_o848.1 ZHS-10 c.3
999 _c40346
_d40336